[Event "Challenge"]
[Site "http://www.queenalice.com/game.php?id=100361"]
[Date "2006.8.28"]
[Round "-"]
[White "mhigh"]
[Black "kane"]
[Result "0-1"]
[WhiteElo "1329"]
[BlackElo "1311"]

1. e3 e5 2. Nf3 Nc6 3. Nc3 f5 4. g3 g6 5. d3 Nf6 6. Bh3 b6 7. a4 Bb4 8. Bd2 Bb7
9. d4 e4 10. Ne5 d6 11. Nxc6 Bxc6 12. Ne2 Bxd2+ 13. Qxd2 Nd5 14. Nf4 Nxf4 15.
gxf4 Qh4 16. Bg2 g5 17. h3 gxf4 18. exf4 O-O-O 19. O-O-O e3 20. fxe3 Bxa4 21. b3
Bb5 22. Qb4 Be2 23. Rd2 Qf2 24. Bc6 Rhg8 25. Kb2 Qxe3 26. Rh2 Bf3 27. Rd3 Qg1
28. Qa4 Bxc6 29. Qxc6 Qxh2 30. Qa8+ Kd7 31. Qxa7 Rg2 32. Kc3 Rxc2+ 33. Kb4 Qxf4
34. Qa4+ Ke7 35. Rc3 Rxc3 36. Kxc3 Qe3+ 37. Kc4 Qc1+ 38. Kb5 f4 39. Qb4 f3 40.
d5 f2 41. Qh4+ Ke8 42. Qxf2 Qc5+ 43. Qxc5 dxc5 44. Kc6 Rd7 45. h4 Ke7 46. d6+
Rxd6+ 47. Kxc7 b5 48. h5 c4 0-1

[Event "Challenge"]
[Site "http://www.queenalice.com/game.php?id=100890"]
[Date "2006.8.30"]
[Round "-"]
[White "jsh272"]
[Black "mhigh"]
[Result "1-0"]
[WhiteElo "1459"]
[BlackElo "1329"]

1. e4 e5 2. Qh5 Nf6 3. Qxe5+ Be7 4. Nf3 Nc6 5. Qc3 Nxe4 6. Qe3 f5 7. Nc3 Nb4 8.
Bd3 d5 9. Nd4 c5 10. Nxf5 Bxf5 11. Nxe4 dxe4 12. Bxe4 Bxe4 13. Qxe4 Qd5 14. Qxd5
Nxd5 15. O-O c4 16. d4 cxd3 17. cxd3 O-O 18. Bd2 Rad8 19. b4 Nxb4 20. Rab1 Nxd3
21. Rxb7 Bc5 22. Bg5 Rd5 23. Be3 Bd4 24. Bxd4 Rxd4 25. Rxa7 Rg4 26. a4 Nf4 27.
g3 Ne2+ 28. Kh1 Rc8 29. Re1 Re4 30. Rb1 Rc1+ 31. Rxc1 Nxc1 32. a5 h6 33. a6 Ra4
34. Ra8+ Kh7 35. h4 Nd3 36. a7 Nxf2+ 37. Kg2 Ne4 38. Re8 Ra2+ 39. Kg1 Ra1+ 40.
Kh2 Ra2+ 41. Kg1 Ra1+ 42. Kh2 Ra2+ 43. Kg1 Rxa7 44. Rxe4 g5 45. hxg5 hxg5 46.
Kh2 Kg6 47. Kh3 Kf5 48. Rc4 Rh7+ 49. Kg2 g4 50. Rc5+ Ke4 51. Rg5 Ke3 52. Rxg4
Rf7 53. Kh3 Rf3 54. Kh4 Rf5 55. Rg5 Ke4 56. g4 Rf4 57. Kh5 Rf3 58. Rg8 Kf4 59.
Rf8+ Kg3 60. Rxf3+ Kxf3 61. g5 Kf4 62. g6 1-0

[Event "Challenge"]
[Site "http://www.queenalice.com/game.php?id=110542"]
[Date "2006.9.27"]
[Round "-"]
[White "kane"]
[Black "mhigh"]
[Result "1-0"]
[WhiteElo "1432"]
[BlackElo "1388"]

1. e3 e6 2. Nf3 Nf6 3. c4 Nc6 4. a3 Bc5 5. d4 Bb6 6. Nc3 d5 7. cxd5 exd5 8. Qa4
Bd7 9. Qd1 Ba5 10. b4 Bb6 11. Bb5 a6 12. Ba4 Ng4 13. e4 dxe4 14. Nxe4 Be6 15.
Bg5 f6 16. Bh4 g5 17. Bg3 Qd5 18. Qe2 Bxd4 19. Rd1 O-O-O 20. b5 Na5 21. bxa6
bxa6 22. Qxa6+ Nb7 23. Qa8# 1-0

[Event "Challenge"]
[Site "http://www.queenalice.com/game.php?id=111059"]
[Date "2006.9.28"]
[Round "-"]
[White "jsh272"]
[Black "mhigh"]
[Result "1-0"]
[WhiteElo "1569"]
[BlackElo "1390"]

1. g3 Nf6 2. Nf3 Nc6 3. Bg2 e5 4. O-O Bc5 5. e3 e4 6. Ng5 d5 7. Na3 h6 8. Nh3
Bg4 9. Qe1 Nb4 10. d4 Bb6 11. Qxb4 a5 12. Qb5+ c6 13. Qb3 g5 14. c4 O-O 15. c5
Ba7 16. Qxb7 Qb8 17. Qxc6 Nd7 18. Qxh6 Bf5 19. Qxg5+ Bg6 20. Qxd5 Qb4 21. Bxe4
Nf6 22. Qg5 Nxe4 23. Qg4 Rac8 24. Nf4 f5 25. Qxg6+ Kh8 26. Ne6 Qb7 27. Nxf8 Rxf8
28. f3 Nf6 29. Qh6+ Nh7 30. b3 Rf6 31. Qh3 Qg7 32. e4 f4 33. Bxf4 Rg6 34. Qc8+
Qf8 35. Qc7 Bb8 36. Qxb8 Qxb8 37. Bxb8 Ng5 38. Rac1 Rg8 39. Be5+ Kh7 40. c6 Rc8
41. c7 Ne6 42. Nb5 Kg8 43. Na7 Rxc7 44. Bxc7 Nxd4 45. Rfe1 Kg7 46. Bxa5 Kf6 47.
Bc3 1-0

[Event "AUTO-INT-82"]
[Site "http://www.queenalice.com/game.php?id=133681"]
[Date "2006.11.25"]
[Round "3"]
[White "swmorgana"]
[Black "mhigh"]
[Result "0-1"]
[WhiteElo "1438"]
[BlackElo "1388"]

1. e4 Nc6 2. Bc4 e6 3. Nf3 Nf6 4. Nc3 d5 5. exd5 exd5 6. Qe2+ Be7 7. O-O dxc4 8.
d4 O-O 9. Ng5 Nd5 10. Qh5 h6 11. Nf3 Nf6 12. Qb5 Be6 13. d5 Nxd5 14. Ne4 a6 15.
Qxc4 Ne3 16. Qe2 Nxf1 17. Qxf1 Nb4 18. Qe2 Qd5 19. Nc3 Qf5 20. Nd4 Bc5 21. Nf3
Nxc2 22. Rb1 Nd4 23. Qd2 Qxb1 24. Nxb1 Rad8 25. Qe3 Nf5 26. Qe1 Bxa2 27. Nc3 Bb4
28. g3 Rfe8 29. Be3 Bc4 30. Qa1 Rd3 31. Qa4 Nxe3 32. Qxe8+ Kh7 33. Ne4 Rd1+ 34.
Ne1 Rxe1# 0-1

[Event "AUTO-INT-82"]
[Site "http://www.queenalice.com/game.php?id=133682"]
[Date "2006.11.25"]
[Round "3"]
[White "mhigh"]
[Black "swmorgana"]
[Result "0-1"]
[WhiteElo "1406"]
[BlackElo "1404"]

1. e4 e5 2. Nf3 Nc6 3. Nc3 Nf6 4. Bc4 Ng4 5. h3 Nxf2 6. Kxf2 Bc5+ 7. Ke1 Nb4 8.
Nxe5 Qf6 9. d4 Qh4+ 10. Ke2 d5 11. Bxd5 Qh5+ 12. g4 Qh4 13. Bf4 Bd6 14. Nf3 Qf6
15. Bg5 Qg6 16. Qc1 h6 17. Nh4 Qh7 18. Bd2 Bd7 19. g5 hxg5 20. Nf3 f5 21. Nxg5
Qh5+ 22. Nf3 fxe4 23. Rf1 exf3+ 24. Bxf3 Qxh3 25. Rh1 Qe6+ 26. Ne4 Rxh1 27. Qxh1
Qc4+ 28. Kf2 Qxd4+ 29. Be3 Qxb2 30. Rb1 Qxc2+ 31. Be2 Nd3+ 32. Kf3 Ne5+ 33. Kf2
Bg4 34. Re1 O-O-O 35. Qh2 Rf8+ 36. Kg1 Nf3+ 37. Bxf3 Bxh2+ 38. Kh1 Bxf3# 0-1

[Event "Let's Play Chess!"]
[Site "http://www.queenalice.com/game.php?id=157974"]
[Date "2007.1.23"]
[Round "-"]
[White "vmourae"]
[Black "mhigh"]
[Result "1-0"]
[WhiteElo "1146"]
[BlackElo "1370"]

1. e4 e6 2. Qf3 Nf6 3. Bd3 Nc6 4. Nc3 g6 5. Nge2 Bh6 6. Nd4 Nxd4 7. Qg3 d5 8. b3
Nxe4 9. Qe5 c5 10. Nb5 f6 11. Nc7+ Kf8 12. Bxe4 fxe5 13. Nxa8 dxe4 14. O-O Bd7
15. c3 Nc2 16. Bb2 Nxa1 17. Bxa1 1-0

[Event "Challenge"]
[Site "http://www.queenalice.com/game.php?id=243483"]
[Date "2007.7.22"]
[Round "-"]
[White "mhigh"]
[Black "kane"]
[Result "1-0"]
[WhiteElo "1370"]
[BlackElo "1498"]

1. e3 d5 2. Nf3 Nf6 3. d4 Bg4 4. h3 Bf5 5. Bd3 e6 6. Nc3 Nc6 7. g4 Bg6 8. a3 b6
9. b4 a5 10. b5 Bxd3 11. cxd3 Ne7 12. g5 Nh5 13. Ng1 g6 14. f4 Bg7 15. Nge2 c5
16. a4 O-O 17. Ba3 cxd4 18. exd4 Re8 19. Qb3 Qc7 20. Rf1 Nf5 21. Rf3 Bxd4 22.
Rc1 Nfg3 23. Nxd4 Nxf4 24. Rxg3 Nxd3+ 25. Rxd3 Qe5+ 26. Nce2 Qxg5 27. Rc6 Qh4+
28. Kd1 e5 29. Nf3 Qxh3 30. Qxd5 Qf1+ 31. Ne1 Rad8 32. Rd6 Qf5 33. Rxd8 Rxd8 34.
Qxd8+ Kg7 35. Qf8+ 1-0

[Event "AUTO-INT-3098"]
[Site "http://www.queenalice.com/game.php?id=1405885"]
[Date "2016.1.24"]
[Round "1"]
[White "dida"]
[Black "mhigh"]
[Result "1-0"]
[WhiteElo "1447"]
[BlackElo "1456"]

1. e4 Nc6 2. Nf3 Nf6 3. Nc3 e5 4. h3 Bc5 5. Qe2 a5 6. a3 h6 7. d3 g5 8. Be3 b6
9. Nb5 a4 10. g4 Ba6 11. Nc3 d6 12. Nd5 Nxe4 13. dxe4 Bxe2 14. Bxe2 b5 15. c3
Ne7 16. Nf6+ Kf8 17. h4 Ng6 18. hxg5 Bxe3 19. fxe3 hxg5 20. Nh7+ 1-0

[Event "AUTO-INT-3098"]
[Site "http://www.queenalice.com/game.php?id=1405886"]
[Date "2016.1.24"]
[Round "1"]
[White "mhigh"]
[Black "dida"]
[Result "0-1"]
[WhiteElo "1440"]
[BlackElo "1463"]

1. Nc3 Nf6 2. e4 Nc6 3. Nf3 h6 4. Bd3 a6 5. b3 e5 6. a4 Bb4 7. Ba3 Bxa3 8. Rxa3
d6 9. h4 Nb4 10. Bc4 Qe7 11. d4 exd4 12. Ne2 Ng4 13. Nexd4 d5 14. Bxd5 Nxd5 15.
c4 Nc3 16. Qc1 Qxe4+ 17. Kf1 Ne2 18. Qe1 O-O 0-1